| 000 | 00661nam a2200205 4500 | ||
|---|---|---|---|
| 005 | 20250402144155.0 | ||
| 008 | 250402b |||||||| |||| 00| 0 eng d | ||
| 020 | _a9798888360736 | ||
| 037 | _cTextual | ||
| 040 |
_aRTL _cRTL |
||
| 084 |
_aD6,9(B) R3 _qRTL |
||
| 245 | _aMachine Learning in Geosciences | ||
| 260 |
_aNew York _bLarsen And Keller Education _c2023 |
||
| 300 |
_avii, 241p. _bIncludes list of contributors and index |
||
| 650 | _aGeology | ||
| 650 |
_aEarth sciences -- Data processing _9751746 |
||
| 650 |
_aGeophysics -- Data processing _9751747 |
||
| 700 |
_aThomas, Larsen _eEditor _9751748 |
||
| 942 |
_2CC _n0 _cTB _hD6,9(B) R3 |
||
| 999 |
_c1308395 _d1308395 |
||